书目信息 |
| 题名: |
劳动量测定
|
|
| 作者: | 小史密斯 , Smith 著 ;郭光炽 译 | |
| 分册: | ||
| 出版信息: | 北京 机械工业出版社 1984 |
|
| 页数: | 170页 | |
| 开本: | 19cm | |
| 丛书名: | ||
| 单 册: | ||
| 中图分类: | F243.3 | |
| 科图分类: | ||
| 主题词: | 劳动定额 | |
| 电子资源: | ||
| ISBN: | ||
| 000 | 00820nam0 2200289 45 | |
| 001 | 0184013252 | |
| 005 | 20040428150220.2 | |
| 010 | @dCNY0.71 | |
| 091 | @a15033.5625 | |
| 100 | @a19950602d1984 em y0chiy0121 ea | |
| 101 | 1 | @achi@ceng |
| 102 | @aCN@b110000 | |
| 105 | @ay z 000yy | |
| 106 | @ar | |
| 200 | 10 | @a劳动量测定@Alao dong liang ce ding@f(美)小史密斯(G.L.Smith,Jr.)著@g郭光炽等译 |
| 210 | @a北京@c机械工业出版社@d1984 | |
| 215 | @a170页@d19cm | |
| 300 | @a书名原文:Work Measurement | |
| 510 | 1 | @aWork Measurement@zeng |
| 606 | @a劳动定额 | |
| 690 | @aF243.3@v3 | |
| 701 | 1 | @a小史密斯@Axiao shi mi si@bG.L.@4著 |
| 701 | A1 | @aSmith@bG.L.@4著 |
| 702 | 0 | @a郭光炽@Aguo guang chi@4译 |
| 801 | 0 | @aCN@b上海图书馆@c20040428 |
| 801 | 2 | @aCN@bNLC@c20040428 |
| 905 | @f2@b117447-448@dF243.3@e10 | |
| 劳动量测定/(美)小史密斯(G.L.Smith,Jr.)著/郭光炽等译.-北京:机械工业出版社,1984 |
| 170页;19cm |
| 书名原文:Work Measurement |
| ISBN :CNY0.71 |
| ● |
| 相关链接 |
|
|
|
|
正题名:劳动量测定
索取号:F243.3/10
 
预约/预借
| 序号 | 登录号 | 条形码 | 馆藏地/架位号 | 状态 | 备注 |
| 1 | 0117447 | 000209410 | 第一借阅区/ [索取号:F243.3/10] | 在馆 | |
| 2 | 0117448 | 000209492 | 密集书库/ [索取号:F243.3/10] | 在馆 | |
| 3 | 0117449 | 000209456 | 第一样本阅览室/ [索取号:F243.3/10] | 在馆 |